000
00305nam a22000977a 4500
008
130826b xxu||||| |||| 00| 0 eng d
010
_a
HCCSF-124
245
_a
High Court Civil Suit No. 975 of 1978 John Werukulu vs Uganda Breweries Ltd
260
_a
Ugnada High Court
_c
9.1.1979
500
_3
Justice J.H Ntabgoba
999
_c
5619
_d
5619